Drugie największe miasta państw Azji. - Statystyki

Ogólne statystyki
  • Ten quiz został rozwiązany 36 razy
  • Średni wynik to 10 z 52
Statystyki odpowiedzi
Państwo Miasto % Poprawnych
Chiny Pekin
79%
Zjednoczone Emiraty Arabskie Abu Zabi
73%
Palestyna Jerozolima
70%
Turcja Ankara
67%
Indie Delhi
64%
Kazachstan Nur-Sułtan
64%
Wietnam Hanoi
58%
Korea Południowa Pusan
42%
Arabia Saudyjska Rijad
42%
Syria Damaszek
39%
Cypr Limassol
39%
Filipiny Manila
39%
Bangladesz Ćottogram
27%
Japonia Jokohama
27%
Pakistan Lahaur
21%
Jemen Aden
18%
Gruzja Kutaisi
18%
Irak Mosul
18%
Kirgistan Osz
15%
Indonezja Surabaja
15%
Izrael Tel Awiw-Jafa
15%
Liban Trypolis
15%
Armenia Giumri
12%
Afganistan Herat
12%
Iran Meszhed
9%
Tadżykistan Chodżent
6%
Azerbejdżan Gandża
6%
Mjanma Mandalaj
6%
Laos Pakxé
6%
Bahrajn Al-Muharrak
3%
Katar Ar-Rajjan
3%
Kuwejt As-Salimijja
3%
Jordania Az-Zarka
3%
Timor Wschodni Baucau
3%
Oman Bawszar
3%
Sri Lanka Dehiwala-Mount Lavina
3%
Mongolia Erdenet
3%
Cypr Północny Famagusta
3%
Abchazja Gagra
3%
Korea Północna Hamhŭng-si
3%
Malediwy Hithadhoo
3%
Malezja Kajang
3%
Tajwan Kaohsiung
3%
Brunei Kuala Belait
3%
Osetia Południowa Kwaisa
3%
Górski Karabach Martuni
3%
Uzbekistan Namangan
3%
Tajlandia Nonthaburi
3%
Bhutan Phuntsholing
3%
Nepal Pokhara
3%
Kambodża Siĕm Réab
3%
Turkmenistan Türkmenabat
3%
Nie znaleziono quizów pasujących do podanych kryteriów
Rozkład punktacji
Procent ludzi z każdym wynikiem
Percentyl według liczby udzielonych odpowiedzi
Twoja historia wyników
Nie rozwiązałeś tego quizu